Loading...
| Science - Other Science | 0 | 8 | 1 | 2 | 75 | 36 | 94.38 | 0 | 2 |
| Science - Physics | 0 | 7 | 1 | 4 | 65 | 83 | 128.43 | 0 | 1 |
| Literature - European Literature | 0 | 5 | 0 | 2 | 50 | 129 | 138.60 | 0 | 0 |
| Literature - American Literature | 0 | 3 | 0 | 2 | 30 | 134 | 141.67 | 0 | 0 |
| Social Science | 0 | 3 | 0 | 1 | 30 | 122 | 128.67 | 0 | 0 |
| Any History | 0 | 3 | 1 | 0 | 25 | 126 | 132.33 | 0 | 0 |
| Literature - World Literature | 0 | 2 | 0 | 0 | 20 | 151 | 152.00 | 0 | 0 |
| Literature - British Literature | 0 | 2 | 0 | 1 | 20 | 123 | 135.00 | 0 | 0 |
| Fine Arts - Other Fine Arts | 0 | 3 | 2 | 1 | 20 | 89 | 111.67 | 0 | 0 |
| History - World History | 0 | 2 | 1 | 1 | 15 | 107 | 121.00 | 0 | 0 |
| Religion | 0 | 2 | 1 | 0 | 15 | 94 | 117.00 | 0 | 1 |
| Science - Biology | 0 | 2 | 1 | 0 | 15 | 104 | 117.00 | 0 | 0 |
| Fine Arts - Classical Music | 0 | 1 | 0 | 0 | 10 | 138 | 138.00 | 0 | 0 |
| Science - Chemistry | 0 | 1 | 0 | 0 | 10 | 135 | 135.00 | 0 | 0 |
| History - American History | 0 | 1 | 0 | 0 | 10 | 136 | 136.00 | 0 | 0 |
| Geography | 0 | 1 | 0 | 0 | 10 | 139 | 139.00 | 0 | 0 |
| Mythology | 0 | 1 | 0 | 0 | 10 | 123 | 123.00 | 0 | 0 |
| Other Academic | 0 | 1 | 0 | 1 | 10 | 130 | 130.00 | 0 | 0 |
| History - European History | 0 | 1 | 0 | 0 | 10 | 98 | 98.00 | 0 | 0 |
| Painting & Sculpture | 0 | 1 | 1 | 0 | 5 | 123 | 123.00 | 0 | 0 |
| Philosophy | 0 | 0 | 0 | 0 | 0 | 0.00 | 0 | 0 | |
| Current Events | 0 | 0 | 1 | 0 | -5 | 0.00 | 0 | 0 |